Rozvoj kapitálového trhu SR
Legislatíva zabezpečujúca fungovanie kapitálového trhu. Proces privatizácie. Rozvoj obchodovania s existujúcimi druhmi cenných papierov.Inštitucionalizácia kapitálového trhu a jeho oživenie. Ideálne priemyselné partnerstvo. Hypotékový finančný trh. Situácia v európskom hutníckom priemysle. Postaveni...
Salvato in:
| Natura: | Capitolo di libro |
|---|---|
| Lingua: | slovacco |
| Soggetti: | |
| Tags: |
Nessun Tag, puoi essere il primo ad aggiungerne!!
|
MARC
| LEADER | 00000naa a2200000 4500 | ||
|---|---|---|---|
| 001 | r014858 | ||
| 005 | 20221213113549.5 | ||
| 041 | 0 | |a slo | |
| 044 | |a SK | ||
| 245 | 1 | 0 | |a Rozvoj kapitálového trhu SR |
| 520 | |a Legislatíva zabezpečujúca fungovanie kapitálového trhu. Proces privatizácie. Rozvoj obchodovania s existujúcimi druhmi cenných papierov.Inštitucionalizácia kapitálového trhu a jeho oživenie. Ideálne priemyselné partnerstvo. Hypotékový finančný trh. Situácia v európskom hutníckom priemysle. Postavenie VSŽ na trhu s cennými papiermi. Makroekonomický a politický rámec pre rozvoj kapitálového trhu. Súčasný stav kapitálového trhu v SR. | ||
| 610 | 2 | 0 | |a trh kapitálový |
| 610 | 2 | 0 | |a privatizácia |
| 610 | 2 | 0 | |a papiere cenné |
| 610 | 2 | 0 | |a trh finančný |
| 610 | 2 | 0 | |a hutníctvo |
| 610 | 2 | 0 | |a železiarne |
| 610 | 2 | 0 | |a Slovensko |